ORDRE CHRONOLOGIQUE MCU - Statistiques

Statistiques générales
  • Ce quiz a été pris 742 fois
    505 depuis la dernière actualisation
  • Le résultat moyen est 30 sur 56
Statistiques - réponses
Date de Sortie Titre Film/Serie % Correct
2008 Iron Man
98%
2012 Avengers
95%
2008 Incredible Hulk
94%
2010 Iron Man 2
94%
2011 Captain America First Avengers
93%
2011 Thor
92%
2013 Iron Man 3
91%
2019 Avengers Endgame
88%
2018 Avengers Infinity War
86%
2015 Avengers L'Ère d'Ultron
86%
2017 Spiderman Homecoming
85%
2015 Ant-man
82%
2016 Captain America Civil War
82%
2017 Thor Ragnarok
82%
2019 Captain Marvel
81%
2013 Thor The Dark World
81%
2019 Spider man Far From Home
79%
2014 Captain America Le Soldat de l'Hiver
78%
2014 Les Gardiens de la Galaxie
77%
2021 Spider-Man No Way Home
76%
2018 Ant-Man and the Wasp
75%
2018 Black Panther
75%
2021 Black Widow
74%
2016 Doctor Strange
74%
2022 Thor : Love and Thunder
70%
2017 Les Gardiens de la Galaxie vol2
68%
2021 Loki
63%
2021 Wandavision
61%
2022 Black Panther : Wakanda Forever
56%
2022 Doctor Strange in the multiverse of Madness
55%
2023 Ant-Man and the Wasp : Quantumania
50%
2021 Les Éternels
49%
2023 Les Gardiens de la Galaxie vol3
48%
2021 Shang-Chi et la légende des dix anneaux
44%
2021 Hawkeye
42%
2022 She-Hulk
41%
2021 Falcon and the Winter Soldier
38%
2022 Miss Marvel
38%
2025 Avengers the Kang Dynasty
30%
2022 Moon Knight
30%
2021 What If ?
30%
2026 Avengers Secret Wars
28%
2023 The Marvels
27%
2024 Captain America New World Order
24%
2023 Secret Invasion
17%
2024 Les 4 Fantastiques
14%
2024 Daredevil
11%
2023 Blade
10%
2023 X-MEN '97
10%
2023 Echo
9%
2024 Thunderbolts
9%
2023 Iron Heart
4%
2023 Agatha Coven of Chaos
2%
2024 Spider-Man Freshman Year
2%
2023 Loki s2
0%
2023 What If ? s2
0%
Aucun quiz correspondant
Distribution des résultats
% des personnes avec chaque résultat
Percentile par nombre de réponses
Votre historique - résultats
Vous n’avez pas pris ce quiz depuis la dernière actualisation